Statistics for Governors of Virginia

Click here to take the quiz!

General Stats

  • This quiz has been taken 3 times
  • The average score is 10 of 74

Answer Stats

TermAnswer% Correct
2022-Glenn Youngkin
100%
1779-1781Thomas Jefferson
100%
1799-1802James Monroe
67%
1811James Monroe
67%
2006-2010Tim Kaine
67%
1788-1791Beverly Randolph
33%
2010-2014Bob McDonnell
33%
1786-1788Edmund Randolph
33%
1886-1890Fitzhugh Lee
33%
1994-1998George Allen
33%
1811George William Smith
33%
1926-1930Harry F. Byrd
33%
1791-1794Henry Lee III
33%
1898-1902James Hoge Tyler
33%
1825-1827John Tyler
33%
1808-1811John Tyler Sr.
33%
1852-1856Joseph Johnson
33%
2002-2006Mark Warner
33%
2018-2022Ralph Northam
33%
2014-2018Terry McAuliffe
33%
1819-1822Thomas Mann Randolph Jr.
33%
1846-1849William Smith
33%
1962-1966Albertis Harrison
0%
1902-1906Andrew Jackson Montague
0%
1781-1784Benjamin Harrison V
0%
1894-1898Charles Triplett O'Ferrall
0%
1982-1986Chuck Robb
0%
1906-1910Claude A. Swanson
0%
1942-1946Colgate Darden
0%
1837-1840David Campbell
0%
1990-1994Douglas Wilder
0%
1922-1926Elbert Lee Trinkle
0%
1861-1868Francis Harrison Pierpont
0%
1878-1882Frederick W. M. Holliday
0%
1934-1938George C. Peery
0%
1986-1990Gerald Baliles
0%
1869-1874Gilbert Carlton Walker
0%
1856-1860Henry A. Wise
0%
1914-1918Henry Carter Stuart
0%
1812-1814James Barbour
0%
1938-1942James Hubert Price
0%
1874-1878James L. Kemper
0%
1843-1846James McDowell
0%
1816-1819James Patton Preston
0%
1822-1825James Pleasants
0%
1796-1799James Wood
0%
1998-2002Jim Gilmore
0%
1958-1962J. Lindsay Almond
0%
1849-1852John B. Floyd
0%
1830-1834John Floyd
0%
1930-1934John Garland Pollard
0%
1860-1864John Letcher
0%
1978-1982John N. Dalton
0%
1802-1805John Page
0%
1950-1954John S. Battle
0%
1970-1974Linwood Holton
0%
1834-1836Littleton Waller Tazewell
0%
1974-1978Mills Godwin
0%
1966-1970Mills Godwin
0%
1784-1786Patrick Henry
0%
1776-1779Patrick Henry
0%
1890-1894Philip W. McKinney
0%
1794-1796Robert Brooke
0%
1954-1958Thomas B. Stanley
0%
1781Thomas Nelson Jr.
0%
1840-1841Thomas Walker Gilmer
0%
1918-1922Westmoreland Davis
0%
1827-1830William Branch Giles
0%
1882-1886William E. Cameron
0%
1781William Fleming
0%
1805-1808William H. Cabell
0%
1910-1914William Hodges Mann
0%
1946-1950William M. Tuck
0%
1814-1816Wilson Cary Nicholas
0%

Score Distribution

Percentile by Number Answered

Percent of People with Each Score

Your Score History

You have not taken this quiz